| 000 | 00657nam a2200217Ia 4500 | ||
|---|---|---|---|
| 008 | 160319s9999 xx 000 0 und d | ||
| 245 | _aGod Bless America / | ||
| 245 | _cSony Music Entertainment, Inc. | ||
| 260 | _aUS : | ||
| 260 | _bSony Music Entertainment. | ||
| 260 | _c2001 | ||
| 300 | _a1 sound disc : | ||
| 300 | _bdigital, stereo. ; | ||
| 300 | _c4 3/4 in. | ||
| 500 | _a" For the benefit of the Twin Towers Fund"., cover. | ||
| 650 | _aPatriotic music -- United States -- 2001-2010. | ||
| 650 | _aPatriotic music. | ||
| 650 | _aPopular music -- United States -- 2001-2010. | ||
| 650 | _aPopular music. | ||
| 650 | _aUnited States. | ||
| 999 |
_c292785 _d292785 |
||